000 00480nam a2200157Ia 4500
003 LK-CoDNM
008 010623t xxu||||| |||| 00| 1 sin d
040 _aLK-CoDNM
_dLK-CoDNM
_eLK-CoDNM
041 _asin
080 _a912 BYG
100 _aBygott, John
245 _aසිතියම් වැඩ සහ ප්‍රායෝගික භූගෝල විද්‍යාව
246 _aSithiyam Veda Saha Prayogika Boogola Vidyava
300 _b282p, 21 cm
942 _cBK
999 _c142035
_d142035